00610 2200229 4500001002100000005001700021020002200038035002500060040001200085082002100097084002500118090002500143100001900168245003000187250001100217260003900228300003600267500001100303504003100314650002300345850001200368YOGYA00000000009960920160428100706.0 a978-602-8479-38-7 a0010-101300000000502 aYOPDYOG 2[22]a808.899222 aNUS 808.899222 Suw B aNUS 808.899222 Suw B aSUWARNA, 1964- aBahasa pewarac/ Suwarna. aCet.1. aYogyakartabPustaka Pelajarc2009. aix, 365 hlm.c; 24 cm. (3 eks.) aIndeks aBibliografi : hlm. 346-356 aPembawa Acara-Jawa aYOPDYOG